Introductory statistics

Đã lưu trong:
書目詳細資料
主要作者: Welss, Neil A.
格式: 圖書
語言:Undetermined
出版: New York Pearson 2005
主題:
標簽: 添加標簽
沒有標簽, 成為第一個標記此記錄!
Thư viện lưu trữ: Trung tâm Học liệu Trường Đại học Cần Thơ
LEADER 00528nam a2200205Ia 4500
001 CTU_88950
008 210402s9999 xx 000 0 und d
020 |c 459000 
082 |a 519.1 
082 |b W458 
100 |a Welss, Neil A. 
245 0 |a Introductory statistics 
245 0 |c Neil A. Welss 
260 |a New York 
260 |b Pearson 
260 |c 2005 
650 |a Statistics 
904 |i Năm 
910 |a Sách kèm CD-ROM có số AV.001908 
980 |a Trung tâm Học liệu Trường Đại học Cần Thơ